| 000 | 00588nam a2200181 i 4500 | ||
|---|---|---|---|
| 001 | 58543 | ||
| 003 | ES-MaACL | ||
| 005 | 20250822175826.0 | ||
| 007 | t| | ||
| 008 | 031022s1960 sp ||||1| spa d | ||
| 100 | 1 |
_aDukes, H. H. _945958 |
|
| 245 | 1 | 0 |
_aFisiología de los animales domésticos / _cH.H. Dukes ; traducción del inglés por Francisco J. Castejón Calderón. |
| 260 |
_aMadrid : _bAguilar, _c[1960] |
||
| 300 |
_aXX, 962 p. : _bil. ; _c22 cm. |
||
| 700 | 1 |
_aCastejón, Francisco J., _d1923-2008 _936463 |
|
| 852 |
_aES-MaACL _jC-18403 _bR.46513 |
||
| 999 |
_c58543 _d58543 |
||